01279nam a2200325Ia 4500001001200000003000800012006001900020007001500039008004100054010001700095020003600112020001800148040002100166035002000187050002500207082001500232245012000247260004800367300002400415504006600439533015200505600002400657650002600681655002900707700003200736700002700768710001700795856012600812999001500938ebr10269035CaPaEBRm u cr cn|||||||||991216s2000 nyua sb 001 0 eng d z 99087810  z0195133226 (cloth : alk. paper) z9780195133226 aCaPaEBRcCaPaEBR a(OCoLC)6518223514aB318.R45bR43 2000eb04a183/.222100aReason and religion in Socratic philosophyh[electronic resource] /cedited by Nicholas D. Smith, Paul B. Woodruff. aNew York :bOxford University Press,c2000. axiv, 226 p. :bill. aIncludes bibliographical references (p. 205-213) and indexes. aElectronic reproduction.bPalo Alto, Calif. :cebrary,d2011.nAvailable via World Wide Web.nAccess may be limited to ebrary affiliated libraries.00aSocratesxReligion. 0aReligionxPhilosophy. 7aElectronic books.2local1 aSmith, N. D.q(Nicholas D.)1 aWoodruff, Paul,d1943-2 aebrary, Inc.40uhttp://site.ebrary.com/lib/rucke/Doc?id=10269035zAn electronic book accessible through the World Wide Web; click to view c8354d8354